000 00623nam a22001937a 4500
005 20230609130032.0
008 230609b sp |||||||| |||| 00| 0 spa d
020 _a9788416551156
050 0 4 _aHM263
_bG37 2016
100 1 _aGarcía López, Javier
245 1 0 _aDispublicitados :
_blos efectos (ideológicos) de la publicidad /
_cJavier García López
250 _a1a ed.
260 _aMurcia :
_bUniversidad de Murcia,
_c2016
300 _a277 p. ;
_c23 cm.
650 4 _aPublicidad
_xAspectos económicos
650 4 _aPublicidad -- Aspectos sociales
650 4 _aAspectos psicológicos
942 _2lcc
_cLIB
999 _c167493
_d167491